| 000 | 01903nam a22003017a 4500 | ||
|---|---|---|---|
| 008 | 130210t xxu||||| |||| 00| 0 eng d | ||
| 020 | _a9-7801-9964-6425 | ||
| 082 |
_222 ed. _a345 _bCAR |
||
| 100 |
_aCard, Richard _912 |
||
| 245 |
_aCard, Cross and Jones Criminal Law / _c Richard Card |
||
| 250 | _a20 ed. | ||
| 260 |
_aUnited Kingdom : _bOxford University press _c2012 |
||
| 300 |
_alviii, 826 P. ; _c24 cm. |
||
| 500 | _aIncludes Index | ||
| 650 |
_a Criminal Law _9887 |
||
| 650 |
_aCard, Cross and Jones Criminal Law _96872 |
||
| 942 |
_2ddc _cBK |
||
| 999 |
_c5243 _d5243 |
||